Регионална библиотека "Любен Каравелов" - Русе

Конкурси по математика 92/93/94 за зрелостници, кандидат-студенти и примерни теми (Запис номер 57134)

MARC детайли
000 -Лидер
Контролно поле с фиксирана дължина 01496nam a2200373 a 4500
003 - Код на организацията, давaща контролен номер
Контролно поле BLK
005 - Дата и час на последна редакция
Контролно поле 20240126160331.0
008 - Елементи от данни с фиксирана дължина
fixed length control field 180408b bul|||||r ||||||| ||bul||
010 ## - Наследен системен номер
LC control number KNG00061124000
040 ## - Източник на каталожния запис
Идентификатор на билиотеката - собственик на записа BLK
041 ## - Код за език
Код за езика на текст/звукозапис или на отделно заглавие Български
Код за езика КДБФ Български
080 ## - УДК
Текстов определител УДК Математика
УДК код - определител по УДК 51
УДК определител (075.4)
УДК - код + определител 51(075.4)
100 1# - Редна дума - Автор
Автор Румпалов, Пламен Йонов
Авторска отговорност първи автор
R(LIN) 287367
139 ## - Редно поле
Редна дума Румпалов, Пламен Йонов и др.
Авторски знак Рум - Р 92
245 10 - Сведения за заглавието
Заглавие Конкурси по математика 92/93/94 за зрелостници, кандидат-студенти и примерни теми
Редно поле (дума) Пламен Йонов Румпалов; съавт. Господин Цонев; съавт. Начо Начев.
257 ## - Страна на издаване
Страна на създаване/издаване България
260 ## - Област на издателските данни
Място на издаване, разпространение и проч. Габрово
Име на издателя, разпространителя и проч. Изд. авт.
Година на издаване 1995
300 ## - Физическа характеристика
Страници 164 с.
Размери/Мащаб 23 см
380 ## - Жанр
Жанр Естествени науки. Математика
650 #4 - Допълнително описание по предмет – тема
Основно описание – тема или топоним Математика - задачи - учебни помагала
9 (RLIN) 241584
653 ## - Ключова дума – ненормативна
Ключова дума математика
653 ## - Ключова дума – ненормативна
Ключова дума матури
653 ## - Ключова дума – ненормативна
Ключова дума зрелостни изпити
653 ## - Ключова дума – ненормативна
Ключова дума кандидатстудентски изпити
700 1# - Други автори (авторска отговорност)
Лично име Цонев, Господин
Автороска отговорност (Описва отношението между автора и произведението) съавт.
9 (RLIN) 254596
700 1# - Други автори (авторска отговорност)
Лично име Начев, Начо
Автороска отговорност (Описва отношението между автора и произведението) съавт.
9 (RLIN) 369305
852 ## - Местоположение
Форматна сигнатура Цб 179836
Фондова буква Хранилище
856 4# - Електронен адрес и достъп
Електронен формат pdf - файл
856 4# - Електронен адрес и достъп
Електронен формат pdf - файл
942 ## - АРТИКУЛИ
Вид на библиотечния материал Книги
Скрит в OPAC Не
944 ## - СЪЗДАВАНЕ И РЕДАКЦИЯ на ЗАПИСА
Създаване/Редакция Създаване
Дата на регистрацията/редакция 13.06.2004
Статус, дата на статуса Радостина Карадакова
Служител, извършил регистрацията/редакцията 30534
944 ## - СЪЗДАВАНЕ И РЕДАКЦИЯ на ЗАПИСА
Създаване/Редакция Редакция
Дата на регистрацията/редакция 06.12.2016
Статус, дата на статуса ф /
Служител, извършил регистрацията/редакцията Людмила_Стоянова
999 ## - СИСТЕМНИ КОНТРОЛНИ НОМЕРА
Koha biblionumber 57134
Koha biblioitemnumber 57134
999 ## - СИСТЕМНИ КОНТРОЛНИ НОМЕРА
Koha biblioitemnumber 57134
Наличности
Код за отписване Код за изгубен артикул Източник на класификационната схема Код за повреда Коз за рестрикции Код за отдаване Артикулен № Име на библиотеката - собственик Име на библиотеката, в която се намира в момента Статус (Текущо местоположение) Дата на вписване в системата Местоположение - отдел Цена в лева Инвентарен номер Систематично азбучна сигнатура Баркод Номер на екземпляра Цена в евро Служебна бележка Служебен тип на артикула
Изтеглен Не е изгубен Universal Decimal Classification Не е повреден без рестрикции ползва се в читалня 91964 Регионална библиотека "Любен Каравелов" Русе Регионална библиотека "Любен Каравелов" Русе Читалня 1995-01-01 Читалня 1.35 613251 Ч 51/Р 92 613251 1 0.69 Дост: Pk Вид: Ф N: стар фонд Дата: 01.01.1995 Дата инв: 15.03.2017 Бележки инв: Ч2017 Книги
  Не е изгубен   Не е повреден без рестрикции ползва се в читалня 91965 Регионална библиотека "Любен Каравелов" Русе Регионална библиотека "Любен Каравелов" Русе Хранилище 2016-10-06 Основен фонд - ползва се само за читалня 9.00 120000804407 Цб 179836 120000804407 2 4.60 Дост: DA Вид: А N: 35 Дата: 06.10.2016 Книги
Vip Innovations Ltd, Rousse, Bulgaria 2025